[Event "Paulista-ch"]
[Site "Sao Paulo"]
[Date "2018.11.10"]
[Round "3"]
[White "Da Silva, Pedro Vieira Prado"]
[Black "Maranhao, Helena Van Kampen D"]
[Result "1/2-1/2"]
[WhiteElo "1521"]
[BlackElo "1339"]
[PlyCount "197"]
[EventDate "2018.11.09"]
[EventType "swiss"]
[EventRounds "6"]
[EventCountry "BRA"]
[SourceTitle "CBM 187 Extra"]
[Source "ChessBase"]
[SourceDate "2018.11.04"]
[SourceVersion "1"]
[SourceVersionDate "2018.11.04"]
[SourceQuality "1"]

1. d4 Nf6 2. c4 e6 3. Nc3 b6 4. Nf3 Bb7 5. g3 Be7 6. Bg2 0-0 7. 0-0 d5 8. cxd5 Nxd5 9. a3 Nxc3 10. bxc3 Nd7 11. a4 c5 12. e3 Rc8 13. Qb3 cxd4 14. cxd4 Bd5 15. Qd1 Bb4 16. Bd2 Bc3 17. Rc1 Bxd2 18. Qxd2 Rxc1 19. Rxc1 Qa8 20. Ne1 Bxg2 21. Nxg2 Rc8 22. Rc2 Rd8 23. Qc3 Nf6 24. Nf4 e5 25. Ne2 Ne8 26. Qc6 Qb8 27. Kg2 exd4 28. Nxd4 Nd6 29. Qc7 Qxc7 30. Rxc7 Ra8 31. Kf3 Kf8 32. Kf4 a6 33. Rd7 Nc8 34. Nc6 f6 35. Kf5 b5 36. Ke6 Nb6 37. Rf7+ Kg8 38. axb5 axb5 39. Rb7 Re8+ 40. Kf5 g6+ 41. Kg4 Nd5 42. Rxb5 Nc7 43. Rb7 f5+ 44. Kf3 Ne6 45. Nd4 Ng5+ 46. Kg2 Nf7 47. h4 Nd6 48. Rd7 Nf7 49. Nc6 Ne5 50. Nxe5 Rxe5 51. Kf3 h6 52. Kf4 Re4+ 53. Kf3 Re5 54. Ke2 Kh8 55. Kd3 Ra5 56. Rc7 Rd5+ 57. Ke2 Re5 58. Rf7 Kg8 59. Rb7 Re4 60. f3 Re5 61. Rd7 Ra5 62. e4 Ra2+ 63. Rd2 Ra5 64. Rd7 Ra2+ 65. Rd2 Ra5 66. Ke3 g5 67. Rd4 Ra3+ 68. Rd3 Ra5 69. Rd5 Ra3+ 70. Rd3 Ra5 71. hxg5 hxg5 72. Rd5 Ra3+ 73. Rd3 Ra5 74. exf5 Rxf5 75. Rd7 Re5+ 76. Kf2 Rf5 77. Re7 Kf8 78. Rh7 Kg8 79. Ra7 Kf8 80. Rh7 Kg8 81. Rh5 Kg7 82. f4 Kg6 83. Rxg5+ Rxg5 84. fxg5 Kxg5 85. Kf3 Kf5 86. g4+ Kg5 87. Kg3 Kg6 88. Kh3 Kg5 89. Kg3 Kg6 90. Kf4 Kf6 91. g5+ Kg6 92. Kg4 Kg7 93. Kf4 Kg6 94. Kg4 Kg7 95. Kf5 Kf7 96. g6+ Kg7 97. Kg5 Kg8 98. Kh6 Kh8 99. g7+ 1/2-1/2

[Event "Paulista-ch"]
[Site "Sao Paulo"]
[Date "2018.11.09"]
[Round "2"]
[White "Maranhao, Helena Van Kampen D"]
[Black "Borger, Daniel"]
[Result "0-1"]
[WhiteElo "1339"]
[BlackElo "1645"]
[PlyCount "84"]
[EventDate "2018.11.09"]
[EventType "swiss"]
[EventRounds "6"]
[EventCountry "BRA"]
[SourceTitle "CBM 187 Extra"]
[Source "ChessBase"]
[SourceDate "2018.11.04"]
[SourceVersion "1"]
[SourceVersionDate "2018.11.04"]
[SourceQuality "1"]

1. d4 d5 2. Nf3 Nf6 3. Bg5 Bf5 4. e3 Ne4 5. c4 Nxg5 6. Nxg5 e6 7. Nf3 Nd7 8. a3 dxc4 9. Bxc4 c5 10. 0-0 Be7 11. dxc5 Bxc5 12. Bb5 a6 13. Qxd7+ Qxd7 14. Bxd7+ Kxd7 15. Rd1+ Ke7 16. h3 h6 17. Nc3 Rhd8 18. b4 Ba7 19. Nd4 Bh7 20. Rac1 Rac8 21. Na2 Rxc1 22. Rxc1 Bxd4 23. exd4 Rxd4 24. Rc7+ Rd7 25. Rxd7+ Kxd7 26. Nc3 Kd6 27. Kf1 Ke5 28. Ke1 Kd4 29. Na2 Bb1 30. Nc1 Kc3 31. Kd1 e5 32. Ne2+ Kb3 33. Kc1 Be4 34. g3 Kxa3 35. Nc3 f5 36. b5 Kb4 37. Nxe4 fxe4 38. bxa6 bxa6 39. Kd2 Kc4 40. Ke3 Kd5 41. Kd2 Kd4 42. Kc2 e3 0-1

[Event "Homs Xeque Mate op"]
[Site "Sao Paulo"]
[Date "2018.10.28"]
[Round "4"]
[White "Rocha, Anderson Rosendo"]
[Black "Maranhao, Helena Van Kampen D"]
[Result "1-0"]
[WhiteElo "1651"]
[BlackElo "1273"]
[PlyCount "75"]
[EventDate "2018.10.27"]
[EventType "swiss"]
[EventRounds "5"]
[EventCountry "BRA"]
[SourceTitle "CBM 187 Extra"]
[Source "ChessBase"]
[SourceDate "2018.11.04"]
[SourceVersion "1"]
[SourceVersionDate "2018.11.04"]
[SourceQuality "1"]

1. e4 c6 2. d3 Nf6 3. Nf3 g6 4. g3 Bg7 5. Bg2 0-0 6. 0-0 e6 7. Re1 d5 8. Nbd2 dxe4 9. dxe4 Nbd7 10. Nf1 Nc5 11. e5 Qxd1 12. Rxd1 Nd5 13. a3 Nd7 14. Re1 b5 15. Ne3 N5b6 16. Nd1 Bb7 17. h4 Rac8 18. g4 c5 19. Bf4 Nd5 20. Bg3 c4 21. Nd4 Rc5 22. f4 Rb8 23. f5 gxf5 24. gxf5 Bh6 25. fxe6 fxe6 26. Nxe6 Rcc8 27. Nd4 Bf4 28. Bxd5+ Bxd5 29. Bxf4 Rb6 30. e6 Nc5 31. Nf5 Re8 32. e7 Rg6+ 33. Kf2 Ne4+ 34. Ke3 Re6 35. Kd4 Bc6 36. Be5 Nd2 37. Rg1+ Rg6 38. Nh6# 1-0

[Event "Homs Xeque Mate op"]
[Site "Sao Paulo"]
[Date "2018.10.27"]
[Round "3"]
[White "Maranhao, Helena Van Kampen D"]
[Black "Sato, Claudio Takeshi"]
[Result "1/2-1/2"]
[WhiteElo "1273"]
[BlackElo "1542"]
[PlyCount "148"]
[EventDate "2018.10.27"]
[EventType "swiss"]
[EventRounds "5"]
[EventCountry "BRA"]
[SourceTitle "CBM 187 Extra"]
[Source "ChessBase"]
[SourceDate "2018.11.04"]
[SourceVersion "1"]
[SourceVersionDate "2018.11.04"]
[SourceQuality "1"]

1. d4 b6 2. c4 Bb7 3. Nc3 Nf6 4. Bf4 e6 5. e3 Bb4 6. a3 Bxc3+ 7. bxc3 0-0 8. Nf3 Nc6 9. Bd3 Ne7 10. 0-0 Ne4 11. Qc2 f5 12. Nd2 Nxd2 13. Qxd2 Ng6 14. Bg3 Nh4 15. f3 Qg5 16. Qf2 Ng6 17. Bxc7 h5 18. Qg3 Qxe3+ 19. Kh1 Qxd3 20. Qxg6 Qxc3 21. Be5 Rf7 22. Rfc1 Qd3 23. Qxh5 Rc8 24. c5 bxc5 25. dxc5 Qd5 26. Bd6 Rf6 27. Qh4 Qd2 28. Qb4 Qd5 29. Qa4 Bc6 30. Qxa7 Rg6 31. Qa5 Qb3 32. Qc3 Qa4 33. Qc4 Qa5 34. Qe2 Kf7 35. Qe1 Qa4 36. Qf2 Rh8 37. Kg1 Qb3 38. Rf1 Rgh6 39. Rfe1 g5 40. Qe3 Qxe3+ 41. Rxe3 f4 42. Re5 Rxh2 43. Kf2 Kf6 44. Ree1 R8h3 45. Kg1 Rh4 46. a4 g4 47. Bxf4 Rh1+ 48. Kf2 Rxe1 49. Rxe1 gxf3 50. Be5+ Kf5 51. gxf3 Rxa4 52. Bd6 Ra2+ 53. Kg3 Ra3 54. Rf1 e5 55. Kg2 Kf4 56. Re1 Bxf3+ 57. Kf2 Ra2+ 58. Kf1 Bg2+ 59. Kg1 Be4 60. Rf1+ Bf3 61. Bxe5+ Kxe5 62. Rxf3 Rc2 63. Rd3 Ke6 64. Rd6+ Ke7 65. Rd5 Re2 66. Kf1 Re6 67. Kf2 Rc6 68. Ke3 Ke6 69. Kd4 Ra6 70. Re5+ Kf6 71. Kd5 Ra1 72. Kd6 Rd1+ 73. Rd5 Rxd5+ 74. Kxd5 Ke7 1/2-1/2

[Event "BRA-ch U18 Girls"]
[Site "Sao Paulo"]
[Date "2018.03.30"]
[Round "2"]
[White "Maranhao, Helena Van Kampen D"]
[Black "Bonvini, Adriana Tonhati"]
[Result "0-1"]
[WhiteElo "1251"]
[BlackElo "1601"]
[PlyCount "116"]
[EventDate "2018.03.29"]
[EventType "swiss"]
[EventRounds "6"]
[EventCountry "BRA"]
[SourceTitle "EXT 2019"]
[Source "ChessBase"]
[SourceDate "2018.10.10"]
[SourceVersion "1"]
[SourceVersionDate "2018.10.10"]
[SourceQuality "1"]

1. d4 e6 2. c4 f5 3. g3 Nf6 4. Bg2 d5 5. Nf3 Bd6 6. 0-0 0-0 7. Bg5 Nbd7 8. cxd5 exd5 9. Nc3 c6 10. Qd3 h6 11. Bxf6 Nxf6 12. Rad1 Qe8 13. Nh4 Nh7 14. f4 Bd7 15. Kh1 Qf7 16. Nf3 Rae8 17. Ne5 Bxe5 18. dxe5 Kh8 19. b4 Qh5 20. e3 Qf7 21. a4 Rb8 22. Rb1 Rfe8 23. Rfc1 Nf8 24. Bh3 Be6 25. Bg2 Nd7 26. Rd1 Nb6 27. Rbc1 Re7 28. b5 Nc4 29. bxc6 bxc6 30. Qd4 Reb7 31. Qc5 Qc7 32. Nb1 Qb6 33. Qd4 Nxe3 34. Qxb6 axb6 35. Rd3 Nxg2 36. Kxg2 c5 37. Nc3 d4 38. Nb5 Ra8 39. Nd6 Rba7 40. Rb1 Bd5+ 41. Kh3 Be4 42. Nxe4 fxe4 43. Rdd1 Rb7 44. f5 Rxa4 45. Kg4 e3 46. Kf3 Ra2 47. h4 Rf2+ 48. Ke4 Kg8 49. Rf1 Rxf1 50. Rxf1 b5 51. Kd3 b4 52. Rb1 b3 53. Ke2 c4 54. g4 c3 55. e6 c2 56. Rf1 b2 57. f6 b1Q 58. f7+ Kf8 0-1

[Event "Wch U12 Girls"]
[Site "Pocos de Caldas"]
[Date "2017.08.29"]
[Round "9"]
[White "Maranhao, Helena Van Kampen D"]
[Black "Scarsi, Anna Laura"]
[Result "1/2-1/2"]
[WhiteElo "1250"]
[BlackElo "1328"]
[PlyCount "70"]
[EventDate "2017.08.22"]
[EventType "swiss"]
[EventRounds "11"]
[EventCountry "BRA"]
[SourceTitle "CBM 180 Extra"]
[Source "ChessBase"]
[SourceDate "2017.10.06"]
[SourceVersion "1"]
[SourceVersionDate "2017.10.06"]
[SourceQuality "1"]

1. d4 d5 2. Nf3 e6 3. Bf4 Nf6 4. e3 Bd6 5. Bxd6 Qxd6 6. c4 dxc4 7. Bxc4 Qb4+ 8. Nfd2 Nbd7 9. Qb3 Qxb3 10. Nxb3 b6 11. N1d2 Bb7 12. 0-0 0-0 13. Rac1 Rac8 14. Rc3 c5 15. dxc5 Nxc5 16. Nxc5 Rxc5 17. Rfc1 Rd8 18. Nb3 Rcc8 19. Be2 Rxc3 20. Rxc3 Rc8 21. Rxc8+ Bxc8 22. Nd4 Bd7 23. f3 Kf8 24. e4 e5 25. Nc2 Ke7 26. Kf2 Be8 27. Nb4 Kd6 28. Ke3 h5 29. Nd3 Bc6 30. Bd1 Nd7 31. g3 f6 32. f4 Nc5 33. Nxc5 Kxc5 34. fxe5 fxe5 35. Bc2 Bd7 1/2-1/2

[Event "BRA-ch U12 Girls"]
[Site "Brasilia"]
[Date "2017.04.23"]
[Round "6"]
[White "Parreira, Teodora Ribeiro"]
[Black "Maranhao, Helena Van Kampen D"]
[Result "1-0"]
[WhiteElo "1247"]
[BlackElo "1245"]
[PlyCount "63"]
[EventDate "2017.04.21"]
[EventType "swiss"]
[EventRounds "6"]
[EventCountry "BRA"]
[SourceTitle "CBM 177 Extra"]
[Source "ChessBase"]
[SourceDate "2017.04.27"]
[SourceVersion "1"]
[SourceVersionDate "2017.04.27"]
[SourceQuality "1"]

1. d4 c5 2. c3 e6 3. Nf3 Nf6 4. Bf4 g6 5. e3 cxd4 6. cxd4 Bg7 7. a3 0-0 8. Be2 b6 9. 0-0 Bb7 10. Nc3 Nc6 11. Rc1 Rc8 12. Nb5 d5 13. Nd6 Ba8 14. Nxc8 Qxc8 15. Ne5 Bb7 16. Nxc6 Bxc6 17. Bb5 a6 18. Bxc6 b5 19. Bd6 Rd8 20. Be7 Qb8 21. Bxd8 Qxd8 22. Bb7 Qd6 23. Qc2 e5 24. Qc6 Qe7 25. Qc8+ Bf8 26. Rc7 Qd6 27. Rc6 Qe7 28. Qc7 Qe8 29. Rxf6 Be7 30. Qxe5 Qd7 31. Qb8+ Kg7 32. Rxa6 1-0

[Event "South American-ch U10 Girls"]
[Site "Santiago de Chile"]
[Date "2016.12.04"]
[Round "6.5"]
[White "Huayhuas Robles, Laura Sofia"]
[Black "Maranhao, Helena Van Kampen D"]
[Result "1-0"]
[WhiteElo "1270"]
[BlackElo "1228"]
[PlyCount "117"]
[EventDate "2016.12.01"]
[EventType "swiss"]
[EventRounds "9"]
[EventCountry "CHI"]
[SourceTitle "EXT 2022"]
[Source "ChessBase"]
[SourceDate "2021.10.06"]
[SourceVersion "1"]
[SourceVersionDate "2021.10.06"]
[SourceQuality "1"]

1. e4 c6 2. d4 d5 3. Nc3 dxe4 4. Nxe4 Nf6 5. Ng3 h5 6. h4 Nbd7 7. Nf3 e6 8. Bf4 Nd5 9. Bd2 Bd6 10. Ne4 N7f6 11. Qe2 Qc7 12. 0-0-0 Bd7 13. Neg5 c5 14. Be3 Rc8 15. c3 Nxe3 16. fxe3 Ng4 17. Nd2 Bg3 18. Nge4 cxd4 19. exd4 Bc6 20. Rh3 Bxe4 21. Nxe4 Bf4+ 22. Kb1 0-0 23. g3 Bd6 24. Bg2 Qb6 25. Nxd6 Qxd6 26. Bxb7 Rc7 27. Bf3 f5 28. Re1 Re8 29. Qc2 Rce7 30. Bg2 f4 31. gxf4 Qxf4 32. Rf1 Qd6 33. Be4 Nf6 34. Qg2 Rf7 35. Bg6 Ref8 36. Bxf7+ Rxf7 37. Qa8+ Kh7 38. Qg2 Qd7 39. Rhf3 Qe7 40. Qc2+ Kg8 41. c4 Qd8 42. Rd1 Rd7 43. Rfd3 Ne4 44. Qh2 Kh7 45. Qf4 Nf6 46. Qe5 Rd6 47. Ra3 Ng4 48. Qe4+ Kg8 49. Rxa7 Nf2 50. Qe5 Rd7 51. Qxe6+ Kh7 52. Qxd7 Qxd7 53. Rxd7 Nxd1 54. a4 Ne3 55. c5 Nc4 56. c6 Nb6 57. a5 Nc8 58. a6 Nb6 59. a7 1-0

[Event "South American-ch U10 Girls"]
[Site "Santiago de Chile"]
[Date "2016.12.02"]
[Round "2.4"]
[White "Norena Flores, Nasya Yamila"]
[Black "Maranhao, Helena Van Kampen D"]
[Result "1-0"]
[WhiteElo "1399"]
[BlackElo "1228"]
[PlyCount "61"]
[EventDate "2016.12.01"]
[EventType "swiss"]
[EventRounds "9"]
[EventCountry "CHI"]
[SourceTitle "EXT 2022"]
[Source "ChessBase"]
[SourceDate "2021.10.06"]
[SourceVersion "1"]
[SourceVersionDate "2021.10.06"]
[SourceQuality "1"]

1. e4 c6 2. d4 d5 3. e5 Bf5 4. Nf3 e6 5. Be2 c5 6. c3 Nc6 7. 0-0 Qb6 8. h3 Be7 9. Bd3 Be4 10. dxc5 Qxc5 11. Re1 Bxf3 12. Qxf3 d4 13. Qg3 g6 14. Re4 Rd8 15. b4 Qb6 16. b5 Na5 17. cxd4 a6 18. Be3 axb5 19. d5 Qa6 20. d6 Bf8 21. Na3 Nc4 22. Nxc4 bxc4 23. Bxc4 Qc6 24. Rd4 b5 25. Bb3 Qc3 26. Rc1 Qa5 27. Qf3 Bg7 28. Qc6+ Rd7 29. Rf4 f5 30. Bxe6 Qa7 31. Bxa7 1-0

[Event "Sao Paulo Schutt Cup 10th"]
[Site "Sao Paulo"]
[Date "2016.10.30"]
[Round "6"]
[White "Maranhao, Helena Van Kampen D"]
[Black "Zmetek, Marcos Simao"]
[Result "1-0"]
[WhiteElo "1781"]
[BlackElo "1413"]
[PlyCount "51"]
[EventDate "2016.10.28"]
[EventType "swiss"]
[EventRounds "6"]
[EventCountry "BRA"]
[SourceTitle "CBM 175 Extra"]
[Source "ChessBase"]
[SourceDate "2016.12.12"]
[SourceVersion "1"]
[SourceVersionDate "2016.12.12"]
[SourceQuality "1"]

1. d4 d5 2. Nf3 e6 3. Bf4 Bd6 4. Bxd6 Qxd6 5. e3 Nf6 6. c4 dxc4 7. Bxc4 c5 8. Nc3 Nc6 9. 0-0 cxd4 10. exd4 0-0 11. Rc1 Rd8 12. Nb5 Qf4 13. Rc3 a6 14. Na3 Nxd4 15. Rd3 e5 16. Nc2 Bf5 17. g3 Qh6 18. Nxe5 Bxd3 19. Nxf7 Qh3 20. Ng5+ Kf8 21. Nxh3 Bxf1 22. Bxf1 Ne6 23. Qe1 Kf7 24. Bc4 Nd5 25. Qe4 Ndc7 26. Ng5+ 1-0

[Event "Sao Paulo Karman Cup 9th"]
[Site "Sao Paulo"]
[Date "2016.08.05"]
[Round "1"]
[White "Ishikawa, Emilio Keiji"]
[Black "Maranhao, Helena Van Kampen D"]
[Result "1-0"]
[WhiteElo "1734"]
[BlackElo "1829"]
[PlyCount "47"]
[EventDate "2016.08.05"]
[EventType "swiss"]
[EventRounds "6"]
[EventCountry "BRA"]
[SourceTitle "CBM 174 Extra"]
[Source "ChessBase"]
[SourceDate "2016.10.10"]
[SourceVersion "1"]
[SourceVersionDate "2016.10.10"]
[SourceQuality "1"]

1. d4 Nf6 2. c4 g6 3. Nc3 Bg7 4. Nf3 d6 5. g3 0-0 6. Bg2 Nbd7 7. 0-0 e5 8. dxe5 dxe5 9. e4 Qe7 10. Bg5 h6 11. Nd5 Qd6 12. c5 Nxc5 13. Nxf6+ Bxf6 14. Qxd6 cxd6 15. Bxf6 Nxe4 16. Be7 Re8 17. Nh4 Rxe7 18. Bxe4 Bh3 19. Rfd1 Rd8 20. Rd2 g5 21. Nf5 Re6 22. Ne3 b6 23. Rad1 Rd7 24. g4 1-0

[Event "Sao Paulo Karman Cup 9th"]
[Site "Sao Paulo"]
[Date "2016.08.05"]
[Round "2"]
[White "Maranhao, Helena Van Kampen D"]
[Black "Sato, Claudio Takeshi"]
[Result "0-1"]
[WhiteElo "1829"]
[BlackElo "1457"]
[PlyCount "84"]
[EventDate "2016.08.05"]
[EventType "swiss"]
[EventRounds "6"]
[EventCountry "BRA"]
[SourceTitle "CBM 174 Extra"]
[Source "ChessBase"]
[SourceDate "2016.10.10"]
[SourceVersion "1"]
[SourceVersionDate "2016.10.10"]
[SourceQuality "1"]

1. d4 d5 2. Nf3 Nf6 3. Bf4 Bg4 4. e3 Nh5 5. Bg3 Nc6 6. Be2 Nxg3 7. hxg3 Bxf3 8. Bxf3 e6 9. Be2 Bd6 10. c4 Bb4+ 11. Nc3 Na5 12. Qa4+ Nc6 13. Rc1 0-0 14. a3 Bxc3+ 15. Rxc3 e5 16. Qc2 g6 17. Rd3 exd4 18. exd4 Re8 19. 0-0 dxc4 20. Rd2 Nxd4 21. Qxc4 Nxe2+ 22. Rxe2 Rxe2 23. Qxe2 Qf6 24. Rc1 c6 25. Qc4 Rd8 26. b4 Rd2 27. Rf1 Qb2 28. Qf4 Rd8 29. Qc7 Rd3 30. Qb8+ Kg7 31. Qxa7 b5 32. Qc5 Rxa3 33. Qxc6 Qxb4 34. Rd1 Qc4 35. Qb6 b4 36. Rb1 b3 37. Qe3 h6 38. Qd2 Ra2 39. Qd1 Rc2 40. Kh2 b2 41. f4 Rc1 42. Rxc1 bxc1Q 0-1